000 00649nam a22001577a 4500
003 OSt
005 20151216153604.0
008 151216b xxu||||| |||| 00| 0 eng d
040 _cRUA
082 _aATM HOU 2002 Or.1
100 _94955
_aHOURT, DOK.
245 _aAssessment of the effect of the applacation of weeder on rice yield, ការវាយតំលៃលើឥទ្ធិពល នៃការប្រើប្រាស់ឧបករណ៏ជ្រោយដី និងជំរះស្មៅទៅលើទិន្នផលស្រូូវ
260 _aPhnom Penh
_bRUA
_c2002
300 _a38p.
_bill.
_c29cm.
942 _2ddc
_cATM
999 _c4603
_d4603